000 00391nam a2200157Ia 4500
008 230524s9999 xx 000 0 und d
082 _a621.3
_bGUP
100 _aJ.B.Gupta
245 3 _aAn Integrated Course in Electrical Engineering
250 _a2ND
260 _aNEW DELHI
_bKataria
_c2004
300 _aVIII;1220
500 _aQuantity Number: 5
650 _aElectrical
942 _cBK
999 _c3899
_d3899